Normal view
MARC view
- الوادي،حازم محمود عيسى
Entry Personal Name
001 - CONTROL NUMBER
- control field: 28135
003 - CONTROL NUMBER IDENTIFIER
- control field: JO-AjAnu
005 - DATE AND TIME OF LATEST TRANSACTION
- control field: 20230606074754.0
008 - FIXED-LENGTH DATA ELEMENTS
- fixed length control field: 230606|| aca||aabn | a|a d
040 ## - CATALOGING SOURCE
- Original cataloging agency: JO-AjAnu
- Transcribing agency: JO-AjAnu
100 ## - HEADING--PERSONAL NAME
- Personal name: الوادي،حازم محمود عيسى
670 ## - SOURCE DATA FOUND
- Source citation: Work cat.: (JO-AjAnu)14442: الوادي،حازم محمود عيسى, author, كفاءة السياسة النقدية في الإسلام :دراسة مقارنة